000 00309nam a2200133 i 4500
001 bg
100 1 _aPŁAZA, Bogusław
245 0 _aKultura zbliża narody /
_cBogusław Płaza.
260 _aWarszawa,
_c1980.
040 _cBPK
041 _apol
942 _cKS
008 s pl f |000 0 pol
999 _c21544
_d21544
856 _uhttp://koha.tu.koszalin.pl/cgi-bin/koha/opac-detail.pl?biblionumber=21544
_yKatalog online BPK